[Event "12th World Teams Women"]
[Site "Astana KAZ"]
[Date "2019.03.09"]
[Round "5.1"]
[Board "4"]
[White "Goryachkina, Aleksandra"]
[Black "Ding, Yixin"]
[Result "1-0"]
[WhiteTitle "GM"]
[BlackTitle "WGM"]
[WhiteElo "2504"]
[BlackElo "2432"]
[WhiteTeam "Russia"]
[BlackTeam "China"]
[WhiteFideId "4147103"]
[BlackFideId "8602972"]
[EventDate "2019.03.05"]

1. d4 Nf6 2. c4 e6 3. Nf3 d5 4. Nc3 c5 5. cxd5 Nxd5 6. e4 Nxc3 7. bxc3 cxd4 8.
cxd4 Bb4+ 9. Bd2 Bxd2+ 10. Qxd2 O-O 11. Rc1 b6 12. Bd3 Bb7 13. Qe3 Nd7 14. e5 h6
15. O-O Rc8 16. Nd2 Qg5 17. Qxg5 hxg5 18. Bb5 Nb8 19. Nc4 a6 20. Nd6 axb5 21.
Nxb7 f6 22. Nd6 Rxc1 23. Rxc1 fxe5 24. Nxb5 exd4 25. Nxd4 Kf7 26. Re1 Re8 27.
Nf3 Kf6 28. Nd2 Rd8 29. Ne4+ Kg6 30. Nc3 Kf7 31. f3 Rd3 32. Ne4 Kg6 33. Nf2 Rd6
34. Re5 Rc6 35. Ne4 Nd7 36. Rxg5+ Kf7 37. a4 Rc1+ 38. Kf2 Ra1 39. Rg4 Ne5 40.
Nd6+ Ke7 41. Rd4 Ra2+ 42. Kg3 Rc2 43. h4 g6 44. Kh3 Rc1 45. f4 Rc3+ 46. g3 Nd7
47. Rc4 Rd3 48. Nc8+ Kd8 49. Na7 Re3 50. Nc6+ Ke8 51. Rd4 Nf6 52. Rd8+ Kf7 53.
Rd3 Re4 54. Rd4 Re3 55. Ne5+ Kg7 56. Rd3 Re4 57. Rd6 Nd5 58. Rxe6 Rxa4 59. Rxg6+
Kh7 60. h5 b5 61. Kg4 Ra7 62. Rd6 Ne3+ 63. Kf3 Nf5 64. Rd3 b4 65. Ke4 Ng7 66. g4
Ne6 67. Rd6 Nc5+ 68. Kd4 Rc7 69. g5 Na4 70. g6+ Kg7 71. Ng4 1-0

[Event "12th World Teams Women"]
[Site "Astana KAZ"]
[Date "2019.03.09"]
[Round "5.2"]
[Board "2"]
[White "Saduakassova, Dinara"]
[Black "Muzychuk, Anna"]
[Result "1/2-1/2"]
[WhiteTitle "IM"]
[BlackTitle "GM"]
[WhiteElo "2462"]
[BlackElo "2555"]
[WhiteTeam "Kazakhstan"]
[BlackTeam "Ukraine"]
[WhiteFideId "13700090"]
[BlackFideId "14111330"]
[EventDate "2019.03.05"]

1. Nf3 g6 2. c4 Bg7 3. e4 e5 4. d4 exd4 5. Nxd4 Nc6 6. Be3 Qf6 7. Nxc6 dxc6 8.
Nc3 Qe7 9. Be2 Nf6 10. O-O Nxe4 11. Nxe4 Qxe4 12. Bc5 Qe5 13. Ba3 c5 14. Bf3 O-O
15. Re1 Qd6 16. Qb3 Bd4 17. Rad1 Qb6 18. Rxd4 Qxb3 19. axb3 cxd4 20. Bxf8 Kxf8
21. Re4 Be6 22. Rxd4 c5 23. Rd3 Rb8 24. Bd5 Rd8 25. Be4 Rxd3 26. Bxd3 Ke7 27.
Kf1 Kf6 28. Be4 b5 29. cxb5 Bxb3 30. Ke2 Ba4 31. Bd3 Ke5 32. Bc4 Kd4 33. Bxf7
Bxb5+ 34. Kd2 g5 35. g3 Bc6 36. h4 gxh4 37. gxh4 Ke4 38. Kc3 Bb5 39. Bh5 Kf4 40.
Bd1 h6 41. Bh5 Bf1 42. Bd1 Bb5 1/2-1/2

[Event "12th World Teams Women"]
[Site "Astana KAZ"]
[Date "2019.03.09"]
[Round "5.2"]
[Board "3"]
[White "Ushenina, Anna"]
[Black "Assaubayeva, Bibisara"]
[Result "1/2-1/2"]
[WhiteTitle "GM"]
[BlackTitle "FM"]
[WhiteElo "2443"]
[BlackElo "2376"]
[WhiteTeam "Ukraine"]
[BlackTeam "Kazakhstan"]
[WhiteFideId "14110911"]
[BlackFideId "13708694"]
[EventDate "2019.03.05"]

1. d4 d5 2. c4 c6 3. Nf3 Nf6 4. e3 Bf5 5. Nc3 e6 6. Nh4 Bg6 7. Nxg6 hxg6 8. g3
Nbd7 9. cxd5 exd5 10. Bg2 Bd6 11. O-O O-O 12. f3 c5 13. dxc5 Bxc5 14. Nxd5 Ne5
15. f4 Nc4 16. b3 Nxd5 17. bxc4 Nxe3 18. Bxe3 Bxe3+ 19. Kh1 Qxd1 20. Raxd1 Rac8
21. Rfe1 Bb6 22. Bxb7 Rxc4 23. Re7 Kh7 24. Bd5 Rc7 25. Rxc7 Bxc7 26. Bb3 f6 27.
Kg2 Rd8 28. Rxd8 Bxd8 29. Kf3 g5 30. fxg5 fxg5 31. Kg4 Kg6 32. Bc2+ Kf6 33. Bb3 1/2-1/2

[Event "12th World Teams Women"]
[Site "Astana KAZ"]
[Date "2019.03.09"]
[Round "5.2"]
[Board "4"]
[White "Dauletova, Gulmira"]
[Black "Buksa, Nataliya"]
[Result "1/2-1/2"]
[WhiteTitle "WIM"]
[BlackTitle "IM"]
[WhiteElo "2263"]
[BlackElo "2416"]
[WhiteTeam "Kazakhstan"]
[BlackTeam "Ukraine"]
[WhiteFideId "13702971"]
[BlackFideId "14123622"]
[EventDate "2019.03.05"]

1. e4 e5 2. Nf3 Nc6 3. Bb5 a6 4. Ba4 b5 5. Bb3 g6 6. d4 exd4 7. a4 b4 8. Nxd4
Na5 9. Bd5 c6 10. Ba2 Bg7 11. O-O Ne7 12. c3 c5 13. Nb3 Nb7 14. cxb4 cxb4 15.
Be3 O-O 16. Bd4 Nc6 17. Bxg7 Kxg7 18. N1d2 d6 19. Nc4 Be6 20. Nd4 Nxd4 21. Qxd4+
Qf6 22. Qxf6+ Kxf6 23. Nb6 Rab8 24. Nd5+ Kg7 25. Bc4 Nc5 26. Rfe1 Bxd5 27. Bxd5
b3 28. Re3 a5 29. f3 Rb4 30. Bc6 Rc8 31. Bb5 Ne6 32. Rc3 Rxc3 33. bxc3 b2 34.
Rb1 Rb3 35. Kf2 Kf6 36. Ke1 Rxc3 37. Rxb2 Nc5 38. Rd2 Ke6 39. Kf2 Ra3 40. Rd4
Ra2+ 41. Kg3 Rb2 42. h4 h6 43. Bc6 f6 44. Be8 g5 45. hxg5 hxg5 46. Bc6 Ke7 47.
Rd5 Rc2 48. Bb5 Ra2 49. Bc6 Ra3 50. Kg4 Ke6 51. Rd4 Ke5 52. Rd5+ Ke6 53. Rd4 Ke5
54. Rd5+ Ke6 1/2-1/2

[Event "12th World Teams Women"]
[Site "Astana KAZ"]
[Date "2019.03.09"]
[Round "5.3"]
[Board "1"]
[White "Hoang, Thanh Trang"]
[Black "Khotenashvili, Bela"]
[Result "0-1"]
[WhiteTitle "GM"]
[BlackTitle "GM"]
[WhiteElo "2454"]
[BlackElo "2474"]
[WhiteTeam "Hungary"]
[BlackTeam "Georgia"]
[WhiteFideId "12400149"]
[BlackFideId "13602640"]
[EventDate "2019.03.05"]

1. d4 Nf6 2. Nf3 g6 3. g3 Bg7 4. Bg2 O-O 5. O-O d5 6. c4 c6 7. Qb3 a5 8. Na3 a4
9. Qb4 Nbd7 10. Bf4 dxc4 11. Qxc4 Nd5 12. Bg5 N7f6 13. Qc1 Qb6 14. Nc4 Qb5 15.
Nfe5 Be6 16. Rd1 Nb6 17. Nxb6 Qxb6 18. Nd3 Qxd4 19. Nc5 Qc4 20. Nxb7 Qxe2 21.
Nc5 Bd5 22. Re1 Qg4 23. Rxe7 Bxg2 24. Kxg2 Rfe8 25. Rb7 Nd5 26. Bh6 Re2 27. Bxg7
Ne3+ 28. Kg1 Qf3 29. Qxe3 Rxe3 30. Bd4 Re2 31. Nd7 Re6 32. Bc3 Rae8 33. a3 Rd6
34. Rf1 Rde6 35. Nc5 Rd6 36. Nd7 c5 37. Rc7 Qf5 38. Nxc5 h5 39. h4 g5 40. Nb7
Rg6 41. hxg5 Qxg5 42. Rd1 h4 43. Rc5 Qh6 44. Re5 Rxe5 45. Bxe5 Kh7 46. Bf4 Qxf4 0-1

[Event "12th World Teams Women"]
[Site "Astana KAZ"]
[Date "2019.03.09"]
[Round "5.3"]
[Board "2"]
[White "Arabidze, Meri"]
[Black "Gara, Anita"]
[Result "1-0"]
[WhiteTitle "IM"]
[BlackTitle "IM"]
[WhiteElo "2392"]
[BlackElo "2384"]
[WhiteTeam "Georgia"]
[BlackTeam "Hungary"]
[WhiteFideId "13604040"]
[BlackFideId "709751"]
[EventDate "2019.03.05"]

1. d4 Nf6 2. c4 g6 3. Nc3 d5 4. Nf3 Bg7 5. Qb3 dxc4 6. Qxc4 Be6 7. Qb5+ Bd7 8.
Qb3 O-O 9. e4 c5 10. d5 e6 11. dxe6 Bxe6 12. Bc4 Bxc4 13. Qxc4 Qb6 14. O-O Qb4
15. Qe2 Nc6 16. Bg5 Rae8 17. Rfe1 h6 18. Bxf6 Bxf6 19. Nd5 Qxb2 20. Rab1 Qxe2
21. Nxf6+ Kh8 22. Rxe2 Re7 23. Rd2 b6 24. Rd6 Rc8 25. Rc1 Kg7 26. Nd2 Re6 27.
Rxe6 fxe6 28. Ng4 Rd8 29. Nc4 b5 30. Nce5 Nb4 31. f4 c4 32. a3 Na2 33. Rc2 Rd1+
34. Kf2 Nc1 35. Ne3 Nd3+ 36. Ke2 Ra1 37. Nxd3 cxd3+ 38. Kxd3 Rxa3+ 39. Rc3 Ra1
40. Rc7+ Kf8 41. Rb7 a6 42. Nc2 Rd1+ 43. Ke3 Rg1 44. g3 g5 45. Nd4 Re1+ 46. Kd3
Rd1+ 47. Kc3 b4+ 48. Rxb4 Rc1+ 49. Kd2 Rh1 50. Nxe6+ Ke7 51. Nd4 Rxh2+ 52. Ke3
g4 53. Rb6 a5 54. Ra6 Kf7 55. Rxa5 h5 56. Ra7+ Kg6 57. Ra6+ Kf7 58. Nf5 Rb2 59.
e5 1-0

[Event "12th World Teams Women"]
[Site "Astana KAZ"]
[Date "2019.03.09"]
[Round "5.3"]
[Board "3"]
[White "Gara, Ticia"]
[Black "Javakhishvili, Lela"]
[Result "1-0"]
[WhiteTitle "WGM"]
[BlackTitle "IM"]
[WhiteElo "2324"]
[BlackElo "2455"]
[WhiteTeam "Hungary"]
[BlackTeam "Georgia"]
[WhiteFideId "717444"]
[BlackFideId "13601458"]
[EventDate "2019.03.05"]

1. e4 c5 2. Nf3 e6 3. d4 cxd4 4. Nxd4 Nc6 5. Nc3 a6 6. Nxc6 bxc6 7. Bd3 d5 8.
O-O Nf6 9. Qf3 Be7 10. Qg3 Nh5 11. Qf3 Nf6 12. Qg3 Nh5 13. Qf3 Nf6 14. Bf4 Bb7
15. Rad1 Nd7 16. Qg3 O-O 17. Bc7 Bh4 18. Qf4 Bg5 19. Qd6 Be7 20. Qf4 Bg5 21. Qg3
Bh4 22. Bxd8 Bxg3 23. Be7 Rfe8 24. hxg3 Rxe7 25. Na4 a5 26. b3 e5 27. f4 g6 28.
fxe5 Nxe5 29. Nc5 Rd8 30. Be2 Bc8 31. Rd4 Nd7 32. Nxd7 Rdxd7 33. Bg4 Rc7 34. Bf3
Be6 35. Rfd1 dxe4 36. Rxe4 c5 37. Ra4 Ra7 38. Kf2 Rec7 39. Be2 Bd7 40. Rc4 a4
41. Rc3 axb3 42. axb3 Be6 43. Bc4 Kf8 44. Bxe6 fxe6 45. Rd6 Ke7 46. Rb6 Ra8 47.
Re3 Rf8+ 48. Ke2 Rf6 49. Kd3 Rd7+ 50. Kc4 Rd2 51. c3 Rxg2 52. Kxc5 Rf5+ 53. Kc4
Rg5 54. Rbxe6+ Kf7 55. Re7+ Kf6 56. Rxh7 Rg4+ 57. Kc5 R4xg3 58. Rxg3 Rxg3 59.
Kc4 g5 60. b4 g4 61. b5 Rh3 62. Rd7 g3 63. Rd1 Rh8 64. b6 Rc8+ 65. Kb4 Rc6 66.
Rg1 Rxb6+ 67. Kc5 Rb3 68. Rxg3 Ke7 69. Rd3 Ra3 70. Kb4 Ra8 71. c4 Rb8+ 72. Kc5
Rc8+ 73. Kb5 Rb8+ 74. Ka6 Rc8 75. Rd4 Ra8+ 76. Kb6 Rb8+ 77. Kc7 Rb4 78. Rd7+ Ke6
79. c5 Rc4 80. c6 Rc1 81. Rd2 Rh1 82. Kb7 Rb1+ 83. Kc8 Ke7 84. c7 Ke8 85. Re2+
Kf7 86. Re4 Kf6 87. Kd7 Rd1+ 88. Kc6 Rc1+ 89. Kd6 1-0

[Event "12th World Teams Women"]
[Site "Astana KAZ"]
[Date "2019.03.09"]
[Round "5.3"]
[Board "4"]
[White "Melia, Salome"]
[Black "Terbe, Julianna"]
[Result "1-0"]
[WhiteTitle "IM"]
[BlackTitle "WIM"]
[WhiteElo "2385"]
[BlackElo "2306"]
[WhiteTeam "Georgia"]
[BlackTeam "Hungary"]
[WhiteFideId "13602446"]
[BlackFideId "708780"]
[EventDate "2019.03.05"]

1. e4 c5 2. Nf3 Nc6 3. Bb5 g6 4. Bxc6 bxc6 5. O-O Bg7 6. Re1 Nh6 7. c3 O-O 8. h3
f5 9. e5 Nf7 10. d3 Ba6 11. c4 d6 12. e6 Ne5 13. Nxe5 dxe5 14. Nc3 Qd6 15. b3
Rfd8 16. Na4 Bc8 17. Bb2 Bxe6 18. Qe2 e4 19. Bxg7 Kxg7 20. dxe4 f4 21. e5 Qd2
22. Qf3 Rac8 23. Red1 Qc2 24. Nxc5 Bf5 25. Rxd8 Rxd8 26. Qxf4 Qb2 27. Re1 Rf8
28. Qe3 Qxa2 29. Qd4 Qa5 30. Rd1 Kg8 31. g4 Bc2 32. Ra1 Qb4 33. Kg2 a5 34. Qe3
Rb8 35. Na6 Qxb3 36. Nxb8 Qxb8 37. Rxa5 Bb3 38. Ra7 Bxc4 39. Rxe7 Bd5+ 40. Kg3
Qb1 41. f3 h6 42. h4 Qd1 43. Rd7 Qb1 44. Rd8+ Kg7 45. e6 Bxe6 46. Qe5+ Kf7 47.
Qc7+ 1-0

[Event "12th World Teams Women"]
[Site "Astana KAZ"]
[Date "2019.03.09"]
[Round "5.4"]
[Board "1"]
[White "Soumya, Swaminathan"]
[Black "Wafa, Shahenda"]
[Result "1-0"]
[WhiteTitle "WGM"]
[BlackTitle "WGM"]
[WhiteElo "2401"]
[BlackElo "2175"]
[WhiteTeam "India"]
[BlackTeam "Egypt"]
[WhiteFideId "5016193"]
[BlackFideId "10609962"]
[EventDate "2019.03.05"]

1. e4 c5 2. Nf3 Nc6 3. d4 cxd4 4. Nxd4 Nf6 5. Nc3 d6 6. Bg5 e6 7. Qd2 a6 8.
O-O-O Bd7 9. f3 b5 10. Nxc6 Bxc6 11. Kb1 Rc8 12. h4 h6 13. Be3 b4 14. Ne2 d5 15.
Nd4 Bb7 16. e5 Nd7 17. f4 h5 18. Bd3 Qc7 19. f5 exf5 20. e6 Ne5 21. Bxf5 f6 22.
e7 Qxe7 23. Bxc8 Bxc8 24. Bf4 Nc4 25. Qd3 Kf7 26. Nc6 Qd7 27. Qxd5+ Qxd5 28.
Rxd5 g6 29. Re1 Rh7 30. Rd8 Bf5 31. Rb8 g5 32. hxg5 fxg5 33. Bxg5 Bg7 34. Rxb4
Nd6 35. Bf4 1-0

[Event "12th World Teams Women"]
[Site "Astana KAZ"]
[Date "2019.03.09"]
[Round "5.4"]
[Board "2"]
[White "Wafa, Shrook"]
[Black "Padmini, Rout"]
[Result "0-1"]
[WhiteTitle "WGM"]
[BlackTitle "IM"]
[WhiteElo "2166"]
[BlackElo "2332"]
[WhiteTeam "Egypt"]
[BlackTeam "India"]
[WhiteFideId "10609970"]
[BlackFideId "5029295"]
[EventDate "2019.03.05"]

1. e4 e5 2. Nf3 Nc6 3. Bb5 Nf6 4. O-O Nxe4 5. d4 Nd6 6. Bxc6 dxc6 7. dxe5 Nf5 8.
Qxd8+ Kxd8 9. Nc3 Bd7 10. Bf4 h6 11. Rad1 Kc8 12. Ne4 b6 13. c4 Be6 14. b3 Kb7
15. h3 c5 16. g4 Ne7 17. Kg2 Nc6 18. Bc1 Be7 19. Bb2 Rhd8 20. Ng3 Nb4 21. a4 Nd3
22. Bc3 Nf4+ 23. Kh2 a6 24. Nf5 Bf8 25. Rd2 b5 26. Rfd1 Rxd2 27. Bxd2 Rd8 28.
Nd6+ cxd6 29. Bxf4 d5 30. axb5 axb5 31. cxb5 Ra8 32. b4 c4 33. Rb1 Ra4 34. Bd2
g5 35. Kg2 Bd7 36. Nd4 Ra3 37. Be3 Bg7 38. Nc6 Bxc6 39. bxc6+ Kxc6 40. b5+ Kd7
41. b6 Bxe5 42. Rb5 Kc6 43. Rc5+ Kd6 44. Rc7 Rb3 45. Bc5+ Ke6 46. Re7+ Kf6 47.
Rc7 c3 48. Rc6+ Kg7 49. Rc8 d4 50. Bf8+ Kh7 51. Rc6 d3 52. Rxh6+ Kg8 53. Bd6 Bg7 0-1

[Event "12th World Teams Women"]
[Site "Astana KAZ"]
[Date "2019.03.09"]
[Round "5.4"]
[Board "4"]
[White "Ehab, Tasneem"]
[Black "Kulkarni, Bhakti"]
[Result "0-1"]
[WhiteTitle "WIM"]
[BlackTitle "CM"]
[WhiteElo "1841"]
[BlackElo "2322"]
[WhiteTeam "Egypt"]
[BlackTeam "India"]
[WhiteFideId "10623310"]
[BlackFideId "5019516"]
[EventDate "2019.03.05"]

1. d4 Nf6 2. Bf4 e6 3. e3 d5 4. Nf3 Bd6 5. Bg3 O-O 6. Bd3 b6 7. a4 c5 8. c3 Qc7
9. Bxd6 Qxd6 10. Ne5 Ba6 11. O-O Bxd3 12. Qxd3 Nc6 13. f4 Ne4 14. Nd2 Nxd2 15.
Qxd2 Na5 16. Qc2 f6 17. Ng4 Rac8 18. Rf3 Nc6 19. Qd3 Rc7 20. Rh3 f5 21. Ne5 Nxe5
22. fxe5 Qd7 23. Qc2 g6 24. Rf3 Rfc8 25. h4 Qe7 26. Qf2 cxd4 27. exd4 Rc4 28.
Qg3 Kg7 29. h5 g5 30. Qf2 g4 31. Rf4 Qg5 32. g3 Qxh5 33. Qg2 Qe8 34. Qf2 R8c7
35. Kg2 Kg8 36. Qc2 h5 37. Qb3 Rh7 38. Qb5 Qc6 39. Rc1 h4 40. gxh4 Rxh4 41. Rh1
Rxh1 42. Kxh1 Qxb5 43. axb5 Kg7 44. Rf2 Kg6 45. Kg2 Kg5 46. Rc2 Kf4 47. b3 Rc7
48. c4 Ke3 49. Kg3 Kxd4 50. Kf4 dxc4 51. Rd2+ Kc3 52. Rd6 Kxb3 53. Rc6 Re7 54.
Kg5 g3 55. Kf6 Re8 56. Kf7 g2 57. Kxe8 g1=Q 58. Rxe6 c3 59. Rc6 c2 60. e6 c1=Q
61. Rxc1 Qxc1 62. e7 f4 63. Kf7 Qe3 0-1

[Event "12th World Teams Women"]
[Site "Astana KAZ"]
[Date "2019.03.09"]
[Round "5.5"]
[Board "2"]
[White "Mkrtchian, Lilit"]
[Black "Nemcova, Katerina"]
[Result "0-1"]
[WhiteTitle "IM"]
[BlackTitle "WGM"]
[WhiteElo "2390"]
[BlackElo "2315"]
[WhiteTeam "Armenia"]
[BlackTeam "United States of America"]
[WhiteFideId "13300601"]
[BlackFideId "322750"]
[EventDate "2019.03.05"]

1. d4 d5 2. c4 dxc4 3. e4 Nf6 4. e5 Nd5 5. Bxc4 Bf5 6. Ne2 e6 7. O-O Nb6 8. Bb3
Nc6 9. Nbc3 Be7 10. a3 Qd7 11. Be3 Rd8 12. Rc1 O-O 13. Ba2 Qc8 14. Ng3 Nxe5 15.
Nxf5 exf5 16. Nb5 c6 17. Nxa7 Qa8 18. Qb3 Ned7 19. d5 Nxd5 20. Nb5 Nxe3 21. Qxe3
Bc5 22. Rxc5 Nxc5 23. Qxc5 cxb5 24. Qxb5 Qc8 25. h3 Rfe8 26. a4 g6 27. Bc4 Re4
28. b3 Qc7 29. Rc1 Qe7 30. Bf1 Rb4 31. Qa5 b6 32. Rc7 bxa5 33. Rxe7 Rd1 34. g3
Rxb3 35. Kg2 Rb4 36. Bb5 Rd2 37. Ra7 Rbb2 38. Kf3 Rxf2+ 39. Ke3 Rg2 40. Kf3 Rgc2
41. Rxa5 Rc3+ 42. Kf4 f6 0-1

[Event "12th World Teams Women"]
[Site "Astana KAZ"]
[Date "2019.03.11"]
[Round "6.1"]
[Board "1"]
[White "Karavade, Eesha"]
[Black "Tan, Zhongyi"]
[Result "1/2-1/2"]
[WhiteTitle "IM"]
[BlackTitle "GM"]
[WhiteElo "2357"]
[BlackElo "2513"]
[WhiteTeam "India"]
[BlackTeam "China"]
[WhiteFideId "5012600"]
[BlackFideId "8603642"]
[EventDate "2019.03.05"]

1. e4 e5 2. Bc4 Nf6 3. d3 Nc6 4. Nf3 Bc5 5. O-O O-O 6. Re1 h6 7. h3 d6 8. c3 a6
9. a4 Be6 10. Bxe6 fxe6 11. b4 Ba7 12. Nbd2 Nh5 13. Nf1 Qf6 14. Ra2 Nf4 15. Kh2
Ne7 16. Be3 Qg6 17. Nh4 Qf6 18. Nf3 Qg6 19. Nh4 Qf6 20. Nf3 Qg6 21. Nh4 Qf6 22.
Nf3 Qg6 23. Nh4 Qf6 24. Nf3 Qg6 25. Nh4 Qf6 26. Nf3 Qg6 27. Nh4 Qf6 28. Nf3 Qg6
29. Nh4 Qf6 30. Nf3 Qg6 31. Nh4 Qf6 1/2-1/2

[Event "12th World Teams Women"]
[Site "Astana KAZ"]
[Date "2019.03.11"]
[Round "6.1"]
[Board "2"]
[White "Shen, Yang"]
[Black "Soumya, Swaminathan"]
[Result "1/2-1/2"]
[WhiteTitle "IM"]
[BlackTitle "WGM"]
[WhiteElo "2453"]
[BlackElo "2401"]
[WhiteTeam "China"]
[BlackTeam "India"]
[WhiteFideId "8603162"]
[BlackFideId "5016193"]
[EventDate "2019.03.05"]

1. d4 Nf6 2. c4 g6 3. Nc3 d5 4. cxd5 Nxd5 5. e4 Nxc3 6. bxc3 Bg7 7. Qa4+ Nd7 8.
Nf3 O-O 9. Be2 c5 10. O-O Nb6 11. Qa3 cxd4 12. cxd4 Bg4 13. Bg5 Bxf3 14. Bxf3
Qxd4 15. Rad1 Qb2 16. Bxe7 Rfe8 17. Qxb2 Bxb2 18. Bc5 Rac8 19. Bxb6 axb6 20. Rd7
Ra8 21. Rb1 Bg7 22. Rxb6 Rxa2 23. g3 Rb8 24. Bd1 Ra6 25. Rb5 Re6 26. f3 Bf6 27.
Rbxb7 Rxb7 28. Rxb7 Rb6 29. Rd7 Rb2 30. Kf1 Kf8 31. Be2 Be7 32. f4 h6 33. h4 Rc2
34. e5 f6 35. h5 gxh5 36. exf6 Bxf6 37. Bxh5 Be7 38. Be2 Kf7 39. Kf2 Kf6 40. Rd1
Rb2 41. Kf3 Rb3+ 42. Bd3 Rb8 43. Rh1 Bf8 44. Rh5 Rb4 45. Rd5 Be7 46. Kg4 Rb6 47.
Bc4 Kg7 48. Rd7 Kf6 49. Ra7 Rc6 50. Bd5 Rd6 51. Be4 Rd4 52. Ra6+ Rd6 53. Ra5 Rd4
54. Bd5 Rd3 55. Ra6+ Kg7 56. Kf5 Rxd5+ 57. Ke6 Rd3 58. Kxe7 Rf3 59. Ke6 Re3+ 60.
Kf5 Rxg3 61. Ra7+ Kg8 62. Kf6 h5 63. Ra5 h4 64. Rh5 h3 65. Rh4 Ra3 66. f5 Ra6+
67. Kg5 Ra3 68. Kg6 Rg3+ 69. Kf6 Ra3 70. Rg4+ Kf8 71. Kg6 Ra6+ 72. f6 Ra2 73.
Rh4 1/2-1/2

[Event "12th World Teams Women"]
[Site "Astana KAZ"]
[Date "2019.03.11"]
[Round "6.1"]
[Board "3"]
[White "Padmini, Rout"]
[Black "Huang, Qian"]
[Result "1/2-1/2"]
[WhiteTitle "IM"]
[BlackTitle "WGM"]
[WhiteElo "2332"]
[BlackElo "2441"]
[WhiteTeam "India"]
[BlackTeam "China"]
[WhiteFideId "5029295"]
[BlackFideId "8602689"]
[EventDate "2019.03.05"]

1. e4 c5 2. Nf3 d6 3. d4 cxd4 4. Nxd4 Nf6 5. Nc3 a6 6. Be2 e5 7. Nb3 Be7 8. O-O
O-O 9. Qd3 Be6 10. Nd5 Nbd7 11. Rd1 Bxd5 12. exd5 Ne8 13. Bd2 b6 14. a4 a5 15.
Qh3 Nc5 16. Nxc5 dxc5 17. Bd3 g6 18. Bh6 Ng7 19. Bc4 Bd6 20. Re1 Qc7 21. Re2 f6
22. Rae1 Rf7 23. g4 f5 24. f3 Raf8 25. Qg2 Qe7 26. Bd2 fxg4 27. fxg4 Qh4 28. Qg3
Qxg3+ 29. hxg3 h5 30. Bc3 hxg4 31. Bxe5 Nf5 32. Bxd6 Nxd6 33. Bd3 Kg7 34. Re6
Rf6 35. Be2 Rxe6 36. dxe6 Kf6 37. Bxg4 Ke7 38. Kg2 Nf5 39. Be2 Ne3+ 40. Kg1 Nxc2
41. Rc1 Nd4 42. Bc4 Rf6 43. Kg2 Nxe6 44. Rh1 Ng5 45. Re1+ Kd6 46. Re3 Nf7 47.
Rd3+ Ke5 48. Kh3 Ke4 49. Rd1 Ne5 50. Bd5+ Ke3 51. Kh4 Rf5 52. g4 Rf2 53. Re1+
Kd4 54. Rd1+ Ke3 55. Re1+ Kd4 56. Rd1+ Ke3 1/2-1/2

[Event "12th World Teams Women"]
[Site "Astana KAZ"]
[Date "2019.03.11"]
[Round "6.1"]
[Board "4"]
[White "Lei, Tingjie"]
[Black "Kulkarni, Bhakti"]
[Result "1-0"]
[WhiteTitle "GM"]
[BlackTitle "CM"]
[WhiteElo "2477"]
[BlackElo "2322"]
[WhiteTeam "China"]
[BlackTeam "India"]
[WhiteFideId "8605114"]
[BlackFideId "5019516"]
[EventDate "2019.03.05"]

1. e4 c6 2. d4 d5 3. e5 c5 4. dxc5 e6 5. a3 Bxc5 6. b4 Be7 7. Nf3 Nh6 8. Bd3 a5
9. b5 Nd7 10. O-O O-O 11. Bxh6 gxh6 12. c4 Nc5 13. Bc2 f6 14. Qe2 dxc4 15. Nbd2
b6 16. Nxc4 Bb7 17. Rad1 Qc7 18. Qe3 Kg7 19. exf6+ Bxf6 20. Nfe5 Qe7 21. Nxb6
Rad8 22. Ng4 Bg5 23. Qe5+ Kg8 24. Rxd8 Rxd8 25. f4 Rd2 26. Rf2 Rxf2 27. Kxf2 Qf8
28. Kg3 Be7 29. Nd7 Nxd7 30. Qxe6+ Kh8 31. Qxd7 Qg7 32. Qe8+ Bf8 33. Bd3 Bxg2
34. a4 Bb7 35. Qe5 Qxe5 36. fxe5 Bc5 37. Nf6 Kg7 38. Kf4 Kf7 39. Bc4+ Kg6 40. h4
Bg1 41. h5+ Kg7 42. Kf5 Bf3 43. e6 Kf8 44. Bd5 Bd1 45. Nd7+ Ke7 46. b6 1-0

[Event "12th World Teams Women"]
[Site "Astana KAZ"]
[Date "2019.03.11"]
[Round "6.2"]
[Board "1"]
[White "Lagno, Kateryna"]
[Black "Abrahamyan, Tatev"]
[Result "1/2-1/2"]
[WhiteTitle "GM"]
[BlackTitle "WGM"]
[WhiteElo "2559"]
[BlackElo "2377"]
[WhiteTeam "Russia"]
[BlackTeam "United States of America"]
[WhiteFideId "14109336"]
[BlackFideId "13301918"]
[EventDate "2019.03.05"]

1. e4 e6 2. d4 d5 3. Nd2 c5 4. exd5 Qxd5 5. dxc5 Nf6 6. Ngf3 Bxc5 7. Bc4 Qc6 8.
O-O O-O 9. Qe2 a6 10. Bd3 Nbd7 11. Nc4 b5 12. Nce5 Nxe5 13. Nxe5 Qc7 14. Bg5 Nd5
15. c4 bxc4 16. Nxc4 Bb7 17. Rac1 Rac8 18. Be4 a5 19. Bd2 Ba6 20. b3 Bb4 21. g3
Rfd8 22. Rfd1 Nb6 23. Bf4 Qe7 24. Rxd8+ Rxd8 25. Rd1 Rxd1+ 26. Qxd1 Nxc4 27.
bxc4 f5 28. Bd3 Qd7 29. Qe2 Bb7 30. f3 Kf7 31. Kg2 h6 32. h4 a4 33. h5 a3 34.
Be5 Ba6 35. Qe3 Qc6 36. Qd4 Bc5 37. Qc3 Bf8 38. Bd4 Bb7 39. Be2 Ba6 40. Be5 Qb7
41. Qd4 Kg8 42. g4 Qb1 43. Qd3 Qxa2 44. gxf5 exf5 45. Kf2 Bc5+ 46. Kg3 Bf8 47.
Kf2 Bc5+ 48. Kg3 Bf8 1/2-1/2

[Event "12th World Teams Women"]
[Site "Astana KAZ"]
[Date "2019.03.11"]
[Round "6.2"]
[Board "2"]
[White "Nemcova, Katerina"]
[Black "Gunina, Valentina"]
[Result "1/2-1/2"]
[WhiteTitle "WGM"]
[BlackTitle "GM"]
[WhiteElo "2315"]
[BlackElo "2515"]
[WhiteTeam "United States of America"]
[BlackTeam "Russia"]
[WhiteFideId "322750"]
[BlackFideId "4167570"]
[EventDate "2019.03.05"]

1. Nf3 d5 2. g3 Nf6 3. Bg2 e6 4. O-O Be7 5. d4 O-O 6. c4 Nbd7 7. Qc2 c6 8. Bf4
b6 9. Nc3 Bb7 10. cxd5 cxd5 11. Nb5 Ne4 12. Rfc1 a6 13. Qc7 Qxc7 14. Rxc7 Bc8
15. Na7 Bd8 16. Rxc8 Rxa7 17. Ne5 Nxe5 18. Bxe5 f6 19. Bf4 g5 20. Bxe4 gxf4 21.
Bd3 fxg3 22. hxg3 f5 23. Rac1 Kf7 24. a4 h5 25. Kg2 Ke7 26. e3 Rh8 27. Rh1 Kd7
28. Rcc1 h4 29. Kf3 Bf6 30. gxh4 Bxh4 31. b4 Bf6 32. Rxh8 Bxh8 33. b5 a5 34. Rc6
Rb7 35. Kf4 Bg7 36. Bxf5 exf5 37. Kxf5 Rb8 38. f4 Rf8+ 39. Kg6 Bxd4 40. exd4
Rxf4 41. Rxb6 Rxd4 42. Kf5 Rxa4 43. Ke5 Kc7 44. Rc6+ Kb7 45. Kxd5 Rh4 46. Ra6
Rh5+ 47. Kc4 Rh4+ 48. Kc5 Rh5+ 49. Kc4 Rh4+ 1/2-1/2

[Event "12th World Teams Women"]
[Site "Astana KAZ"]
[Date "2019.03.11"]
[Round "6.2"]
[Board "3"]
[White "Goryachkina, Aleksandra"]
[Black "Yip, Carissa"]
[Result "1-0"]
[WhiteTitle "GM"]
[BlackTitle "FM"]
[WhiteElo "2504"]
[BlackElo "2279"]
[WhiteTeam "Russia"]
[BlackTeam "United States of America"]
[WhiteFideId "4147103"]
[BlackFideId "2090732"]
[EventDate "2019.03.05"]

1. d4 Nf6 2. c4 g6 3. f3 e6 4. e4 d5 5. cxd5 exd5 6. Nc3 dxe4 7. fxe4 Bb4 8. Bd3
Nxe4 9. Qe2 O-O 10. Bxe4 Re8 11. Nf3 Bf5 12. Bg5 Qd6 13. Nd2 Nd7 14. O-O Bxc3
15. bxc3 Bxe4 16. Nxe4 Qd5 17. Be7 f5 18. Ng5 Nb6 19. Rae1 Nc8 20. Qf2 Rxe7 21.
Rxe7 Nxe7 22. Qh4 h5 23. Re1 Qd7 24. Re6 Kg7 25. Qg3 Kh6 26. Qe3 Nd5 27. Nf7+
Kg7 28. Qh6+ Kxf7 29. Rxg6 1-0